[Event "Stockholm Salongernas Elo Gr 2"]
[Site "Stockholm"]
[Date "2008.07.07"]
[Round "1"]
[White "Cleanthous, Demetris"]
[Black "Sjoedin, Bengt"]
[Result "0-1"]
[WhiteElo "1950"]
[BlackElo "2142"]
[PlyCount "70"]
[EventDate "2008.07.06"]
[EventType "tourn"]
[EventRounds "9"]
[EventCountry "SWE"]
[SourceTitle "EXT 2024"]
[Source "ChessBase"]
[SourceDate "2023.10.10"]
[SourceVersion "1"]
[SourceVersionDate "2023.10.10"]
[SourceQuality "1"]

1. d4 e6 2. Nc3 d5 3. Qd3 b6 4. b4 Ba6 5. b5 Bb7 6. a3 Nf6 7. Bg5 Be7 8. h4 Nbd7 9. Nf3 a6 10. Bf4 Ne4 11. e3 0-0 12. Be2 axb5 13. Ng5 Bb4 14. Ngxe4 dxe4 15. Qd2 Bxa3 16. Bxb5 Nf6 17. Bg5 h6 18. Bxf6 Qxf6 19. Rb1 Rfd8 20. Rb3 Bd6 21. Qc1 Ra5 22. Be2 e5 23. d5 Bxd5 24. Nxd5 Rxd5 25. g3 Kf8 26. 0-0 Qg6 27. h5 Qg5 28. c4 Ra5 29. Rd1 f5 30. Rd5 Rxd5 31. cxd5 f4 32. exf4 exf4 33. Kh1 e3 34. Bf3 exf2 35. Qb1 Re8 0-1